| 000 | 00474nam a2200169Ia 4500 | ||
|---|---|---|---|
| 999 |
_c27535 _d27535 |
||
| 003 | OSt | ||
| 005 | 20201208113841.0 | ||
| 008 | 190216s9999||||xx |||||||||||||| ||und|| | ||
| 040 | _coclc | ||
| 082 |
_a894.812 _bPAU/C |
||
| 100 |
_aPaul, M P _96744 |
||
| 245 | 0 |
_aCherukathaprasthanam / _cM P Paul |
|
| 260 |
_bPoorna Publications, _aKozhikode: _c1991. |
||
| 300 | _a152p | ||
| 650 | _aNiroopanam | ||
| 942 |
_cBK _2ddc _h894.812 _iPAU/C _k894.812 _mPAU/C |
||